000 00642cam a2200241 a 4500
001 000010544
003 UkOxU
005 20200929162239.0
008 991011s1999 sp 001 f spa d
020 _a8401341515
040 _aDO-SdBNP
_bspa
_cLC
_dBNPHU
082 _a863.62
_bR333L
100 1 _aRegàs, Rosa,
_d1933-
_925576
245 1 0 _aLuna lunera /
_cRosa Regàs.
260 _aBarcelona :
_bPlaza & Janés,
_c1999.
300 _a330 p. ;
_c25 cm.
490 1 _aAreté
650 4 _aNovela española
_91123
650 4 _aLiteratura española
_9632
830 0 _aAreté
_925577
910 _aCatalogación derivada
049 _aBNGR
999 _c10302
_d10302